I piaceri e i giorni /

Gespeichert in:
Bibliographische Detailangaben
1. Verfasser: Proust, Marcel
Weitere Verfasser: Bo, Carlo, (1911-2001), Ferro, Marise
Format: Buch
Sprache:Italienisch
Veröffentlicht: Milano : Club italiano dei lettori, 1981
Tags: Tag hinzufügen
Keine Tags, Fügen Sie das erste Tag hinzu!

MARC

LEADER 00000nam a22000007i 4500
001 IT\ICCU\UBO\2651930
003 ItRI
005 20260115232324.0
008 050214s1981 it |||||| ||||| |||||c
040 |b ita  |c importazione bologna sebina 
041 7 |a ita  |2 ISO-639-2 
100 1 |a Proust, Marcel  |0 IT\ICCU\CFIV\007392 
245 1 2 |a I piaceri e i giorni /  |c Marcel Proust. 
260 |a Milano :  |b Club italiano dei lettori,  |c 1981 
300 |a XXIV, 206 p. ;  |c 21 cm 
500 |a Prefazione di Carlo Bo ; traduzione di Marise Ferro. 
700 1 |a Bo, Carlo,  |d  (1911-2001)  |0 IT\ICCU\CFIV\041380 
700 1 |a Ferro, Marise  |0 IT\ICCU\CFIV\105845 
942 |2 ddc  |c BK  |n 0 
952 |0 0  |1 0  |4 0  |6 DOC_843_800000000000000_PRO  |7 0  |9 24160  |a BO  |b BO  |d 2026-01-15  |i 8524  |l 0  |o DOC 843.8 PRO  |p BO8524  |r 2026-01-15 23:23:24  |w 2026-01-15  |x [Sebina 5] [1 v.]  |y BK  |z 1 v. 
999 |c 20566  |d 20566